| 000 | 00923nam a2200241 a 4500 | ||
|---|---|---|---|
| 001 | 78548 | ||
| 003 | BD-RjUL | ||
| 005 | 20211209083136.0 | ||
| 008 | 211004s2003 bg a|||| m||| 00| 0 eng d | ||
| 035 | _a(BD-RjUL) 78774 | ||
| 040 |
_aBD-RjUL _beng _cBD-RjUL _dBD-RjUL |
||
| 041 | _aeng | ||
| 082 |
_a155.232 _bRAP 2003 _223 |
||
| 100 |
_aRahman, A. K. M. Rezanur _9248846 |
||
| 245 | 1 | 0 |
_aPsycho-Social Factors In Aggressive Behaviour In Males and Females In Bangladesh / _cby A. K. M. Rezanur Rahman ; _6Supervisor : M. Mozammel Huq |
| 260 |
_aRajshahi : _bDepartment of Psychology, University of Rajshahi, _c2003 |
||
| 300 |
_axii,122 leaves : _bill ; _c29 cm. |
||
| 502 | _aThesis (M. Phil.) -- Department of Psychology, University of Rajshahi, 2003 | ||
| 504 | _aReference : Leaves 97 - 115 | ||
| 650 |
_aAggressiveness _xSex differences _9248939 |
||
| 700 |
_aHuq, M. Mozammel, Supervisor _9170305 |
||
| 942 |
_2ddc _cTHE |
||
| 999 |
_c78548 _d78548 |
||